Reengineering administrative districts in Slovenia

Saved in:
Bibliographic Details
Main Author: Vintar, Mirko
Format: Book
Language:English
Published: Budapest Open Society Institute 1999
Series:Discussion papers No. 11
Subjects:
Tags: Add Tag
No Tags, Be the first to tag this record!

MARC

LEADER 00000nam a2200000 4500
001 c115048
005 20221221084715.0
022 |a 1417-4855 
041 0 |a eng 
044 |a HU 
245 1 0 |a Reengineering administrative districts in Slovenia  |c Mirko Vintar 
264 1 |a Budapest  |b Open Society Institute  |c 1999 
300 |a 29 s. 
490 1 |a Discussion papers  |v No. 11 
830 0 |a Discussion papers  |v No. 11 
610 2 0 |a reengineering 
610 2 0 |a projekty 
610 2 0 |a podnik 
610 2 0 |a obchod 
610 2 0 |a riadenie podnikové 
610 2 0 |a správa verejná 
610 2 0 |a modelovanie 
610 2 0 |a Slovinsko 
100 1 |a Vintar, Mirko